Loading...
History - European History | 0 | 8 | 0 | 1 | 80 | 49 | 81.00 | 0 | 5 |
Literature - American Literature | 0 | 5 | 0 | 0 | 50 | 85 | 116.60 | 0 | 1 |
History - World History | 0 | 5 | 0 | 3 | 50 | 66 | 107.40 | 0 | 1 |
Literature - European Literature | 0 | 3 | 0 | 0 | 30 | 89 | 111.33 | 0 | 1 |
Literature - British Literature | 0 | 3 | 0 | 0 | 30 | 94 | 120.33 | 0 | 1 |
Social Science | 0 | 3 | 1 | 0 | 25 | 91 | 99.00 | 0 | 1 |
Fine Arts - Other Fine Arts | 0 | 3 | 1 | 0 | 25 | 97 | 122.33 | 0 | 1 |
Science - Biology | 0 | 2 | 0 | 1 | 20 | 98 | 117.50 | 0 | 1 |
Fine Arts - Painting and Sculpture | 0 | 2 | 0 | 0 | 20 | 86 | 108.00 | 0 | 1 |
Science - Chemistry | 0 | 2 | 1 | 0 | 15 | 79 | 84.50 | 0 | 1 |
History - Other History | 0 | 2 | 1 | 0 | 15 | 41 | 80.00 | 1 | 1 |
Fine Arts - Classical Music | 0 | 1 | 0 | 0 | 10 | 115 | 115.00 | 0 | 1 |
History - American History | 0 | 2 | 2 | 0 | 10 | 96 | 100.50 | 1 | 1 |
Religion | 0 | 1 | 1 | 0 | 5 | 64 | 64.00 | 0 | 1 |
Philosophy | 0 | 1 | 1 | 0 | 5 | 84 | 84.00 | 0 | 1 |
Literature - World Literature | 0 | 1 | 1 | 0 | 5 | 138 | 138.00 | 0 | 0 |
Mythology | 0 | 1 | 2 | 0 | 0 | 112 | 112.00 | 0 | 0 |
Science - Other Science | 0 | 0 | 1 | 0 | -5 | 0.00 | 0 | 0 |